峇里岛 (Record no. 65105)

000 -LEADER
fixed length control field 00555nam a22002057a 4500
003 - CONTROL NUMBER IDENTIFIER
control field MPLRDC
005 - DATE AND TIME OF LATEST TRANSACTION
control field 20220104193240.0
008 - FIXED-LENGTH DATA ELEMENTS--GENERAL INFORMATION
fixed length control field 210129b ||||| |||| 00| 0 eng d
020 ## - INTERNATIONAL STANDARD BOOK NUMBER
International Standard Book Number 978-988-99854-7-9
082 ## - DEWEY DECIMAL CLASSIFICATION NUMBER
Classification number 719.393 XQY c.2
100 ## - MAIN ENTRY--PERSONAL NAME
Personal name 孙启元 总编辑
245 ## - TITLE STATEMENT
Title 峇里岛
Statement of responsibility, etc. 孙启元 摄影
250 ## - EDITION STATEMENT
Edition statement 初版
260 ## - PUBLICATION, DISTRIBUTION, ETC.
Place of publication, distribution, etc. 香港
Name of publisher, distributor, etc. 郭良蕙新事业有限公司
Date of publication, distribution, etc. 2007
300 ## - PHYSICAL DESCRIPTION
Other physical details
490 ## - SERIES STATEMENT
Series statement 旅游通EASY GO系列
520 ## - SUMMARY, ETC.
Summary, etc. 上架 2017-01-19
650 ## - SUBJECT ADDED ENTRY--TOPICAL TERM
Topical term or geographic name entry element 印尼游记--峇里岛
942 ## - ADDED ENTRY ELEMENTS (KOHA)
Koha item type Book
-- 719.393 XQY c.2
Holdings
Withdrawn status Lost status Source of classification or shelving scheme Damaged status Not for loan Collection code Home library Current library Shelving location Date acquired Cost, normal purchase price Total Checkouts Total Renewals Full call number Barcode Date last seen Date last checked out Price effective from Koha item type Public note
            Malaysian Public Library, Research and Development Centre Malaysian Public Library, Research and Development Centre   04/03/2014 24.00   9 719.393 XQY c.2 00060533 18/03/2021 31/07/2018 18/03/2021 Book mplrdc

© 2022. Malaysian Public Library, Research and Development Centre. All Right ReservedE-mailmplrdc@help.edu.my 

Powered by Koha